Baba is You Hub Worlds - Statistics

General Stats
  • This quiz has been taken 15 times
  • The average score is 20 of 29
Answer Stats
Hint Hub World % Correct
“Main” Hub World Depths
92%
Main Hub World Map
92%
“Main” Hub World Meta
92%
Main Sub-World The Lake
85%
New Adventures Levelpack Babarcade
77%
Main Sub-World Chasm
77%
Main Sub-World Deep Forest
77%
Main Sub-World Forest of Fall
77%
New Adventures Levelpack New Adventures!
77%
“Main” Hub World Null
77%
Main Sub-World Solitary Island
77%
Museum Levelpack The Museum
77%
Main Sub-World Flower Garden
69%
New Adventures Levelpack Land of Delicacies
69%
Main Sub-World Mountaintop
69%
Main Sub-World Rocket Trip
69%
Main Sub-World Temple Ruins
69%
Main Sub-World Volcanic Cavern
69%
“Main” Hub World Center
62%
Museum Levelpack Museum of Revisions
62%
Museum Levelpack Museum of Unused Levels
62%
“Main” Sub-World ABC
54%
New Adventures Levelpack Land Land Land
54%
New Adventures Levelpack Land of Oddities
54%
New Adventures Levelpack Land of Vehicles
54%
New Adventures Levelpack Familiar Land
46%
Museum Levelpack More Unused Levels
46%
New Adventures Levelpack Starry Lands
38%
“Main” Hub World ??? (QuestionQuestionQuestion)
31%
No matching quizzes found
Score Distribution
Percent of People with Each Score
Percentile by Number Answered
Your Score History
You have not taken this quiz